Poľnohospodárstvo jedným z hlavných dodávateľov nezamestnaných úradom práce
Vývoj zamestnanosti v agrárnom sektore na Slovensku. Definícia agrárnej nezamestnanosti. Vývoj agrárnej nezamestnanosti od r. 1993. Regionálne prístupy pri riešení agrárnej nezamestnanosti. Tendencie masového úniku obyvateľstva z vidieka.
Gespeichert in:
| 1. Verfasser: | |
|---|---|
| Format: | Buchkapitel |
| Sprache: | Slowakisch |
| Schlagworte: | |
| Tags: |
Keine Tags, Fügen Sie das erste Tag hinzu!
|
MARC
| LEADER | 00000naa a2200000 4500 | ||
|---|---|---|---|
| 001 | r034003 | ||
| 005 | 20230921103341.9 | ||
| 041 | 0 | |a slo | |
| 044 | |a SK | ||
| 245 | 1 | 0 | |a Poľnohospodárstvo jedným z hlavných dodávateľov nezamestnaných úradom práce |c Stanislav Buchta |
| 520 | |a Vývoj zamestnanosti v agrárnom sektore na Slovensku. Definícia agrárnej nezamestnanosti. Vývoj agrárnej nezamestnanosti od r. 1993. Regionálne prístupy pri riešení agrárnej nezamestnanosti. Tendencie masového úniku obyvateľstva z vidieka. | ||
| 610 | 2 | 0 | |a poľnohospodárstvo |
| 610 | 2 | 0 | |a nezamestnanosť |
| 610 | 2 | 0 | |a zamestnanosť |
| 610 | 2 | 0 | |a prepúšťanie pracovníkov |
| 610 | 2 | 0 | |a prepúšťanie hromadné |
| 610 | 2 | 0 | |a regióny |
| 610 | 2 | 0 | |a Slovensko |
| 610 | 2 | 0 | |a 1993-1998 |
| 100 | 1 | |a Buchta, Stanislav | |